El pequeño Arlequín / (Registro nro. 12743)

Detalles MARC
000 -LIDER
fixed length control field 01011nam a22003017a 4500
003 - IDENTIFICACDOR DE NÚMERO DE CONTROL
control field DO-SdBNP
005 - DATE AND TIME OF LATEST TRANSACTION
control field 20240715105856.0
008 - ELEMENTOS DE LONGITUD FIJA
fixed length control field 171101b2010 sp sp 00| 0 spa d
020 ## - ISBN
International Standard Book Number 9788449440973
040 ## - FUENTE DE CATALOGACIÓN
Agencia que crea de manera original el registro BPMSU
Idioma de catalogación spa
Agencia que realiza la transcripción BPMSU
082 #4 - NÚMERO DE CLASIFICACIÓN DECIMAL DE DEWEY
Classification number 372.21
Item number P425a 2010
Edition number 22
100 1# - ASIENTO PRINCIPAL -- NOMBRE PERSONAL
Nombre personal Biosca Curell, Anna
245 ## - MENCIÓN DE TITULO
Título El pequeño Arlequín /
Mención de responsabilidad Anna Biosca Curell ; dirección Carlos de Gispert ; ilustración Montserrat Nieto
260 ## - PUBLICACIÓN, DISTRIBUCIÓN, ETC. (PIE DE IMPRENTA)
Lugar de publicación, distribución, etc Barcelona :
Nombre del editor, distribuidor, etc. Grupo Editorial Océano,
Fecha de publicación, distribución, etc 2010
300 ## - DESCRIPCIÓN FÍSICA
Extensión 2 v.
Dimensiones 29 cm.
504 ## - NOTA DE BIBLIOGRAFÍA, ETC.
Bibliography, etc
505 ## - NOTA DE CONTENIDO
Texto normalizado de contenido v. 1 : Acividades de plastica y psicomotricidad -- v. 2 : Atividades de expresión y lenguaje
590 ## - NOTA LOCAL
Texto de la nota local Inventariado, 2024/VM
650 #4 - ENCABEZAMIENTO DE MATERIA--TEMÁTICO
Término temático o nombre geográfico como elemento de entrada Educación primaria
650 #4 - ENCABEZAMIENTO DE MATERIA--TEMÁTICO
Término temático o nombre geográfico como elemento de entrada Educación psicomotriz
Subdivisión temática general
650 #4 - ENCABEZAMIENTO DE MATERIA--TEMÁTICO
Término temático o nombre geográfico como elemento de entrada Lenguaje y lenguas
700 1# - ASIENTO SECUNDARIO -- NOMBRE PERSONAL
Nombre personal Gispert, Carlos de
Mención de responsabilidad dirección
700 1# - ASIENTO SECUNDARIO -- NOMBRE PERSONAL
Nombre personal Nieto, Montserrat
Mención de responsabilidad ilustración
710 ## - ASIENTO SECUNDARIO -- NOMBRE CORPORATIVO
Nombre corporativo o de jurisdicción Grupo Océano
910 ## - VALIDACIÓN
Validación VMateo V. Control de calidad. BPMSU
942 ## - ADDED ENTRY ELEMENTS (KOHA)
Source of classification or shelving scheme Dewey Decimal Classification
Koha item type Libros
945 ## - INFORMACIÓN DE PROCESAMIENTO LOCAL
Información de procesamiento local
Existencias
Withdrawn status Lost status Source of classification or shelving scheme Damaged status Not for loan Collection code Home library Current library Date acquired Source of acquisition Total Checkouts Full call number Barcode Date last seen Copy number Price effective from Koha item type
    Dewey Decimal Classification     Colección General Biblioteca Pública Metropolitana Salomé Ureña Biblioteca Pública Metropolitana Salomé Ureña 11/01/2017 Compra   BPMSU CGI 372.21 P425a 2010 BPMSU17120018 11/01/2017 v.1 11/01/2017 Libros
    Dewey Decimal Classification     Colección General Biblioteca Pública Metropolitana Salomé Ureña Biblioteca Pública Metropolitana Salomé Ureña 12/05/2017 Compra   BPMSU CGI 372.21 P425a 2010 BPMSU17120019 12/05/2017 v.1 e. 2 12/05/2017 Libros
    Dewey Decimal Classification     Colección General Biblioteca Pública Metropolitana Salomé Ureña Biblioteca Pública Metropolitana Salomé Ureña 12/05/2017 Compra   BPMSU CGI 372.21 P425a 2010 BPMSU17120020 12/05/2017 v.2 12/05/2017 Libros
    Dewey Decimal Classification     Colección General Biblioteca Pública Metropolitana Salomé Ureña Biblioteca Pública Metropolitana Salomé Ureña 12/05/2017 Compra   BPMSU CGI 372.21 P425a 2010 BPMSU17120021 12/05/2017 v. 2, e. 2 12/05/2017 Libros